000
00287nam a2200121Ia 4500
005
20260328101457.0
008
260328s9999||||xx |||||||||||||| ||und||
245
0
_a
Venecia :
_b
Reina del Mar /
260
_b
Storti Guias
300
_a
75 p.
650
_a
ARQUITECTURA REGIONAL
942
_c
BK
999
_c
8859
_d
8859